|
|
|
|
| LEADER |
01000cam a2200265 c 4500 |
| 001 |
1607926830 |
| 003 |
DE-627 |
| 005 |
20260421130211.0 |
| 007 |
tu |
| 008 |
861126s1955 gw ||||| m 00| ||ger c |
| 016 |
7 |
|
|a 454613199
|2 DE-101
|
| 020 |
|
|
|q : 13.- (kart.)
|
| 035 |
|
|
|a (DE-627)1607926830
|
| 035 |
|
|
|a (DE-603)052819159
|
| 035 |
|
|
|a (DE-576)053273265
|
| 035 |
|
|
|a (DE-599)DNB454613199
|
| 035 |
|
|
|a (OCoLC)1531820378
|
| 035 |
|
|
|a (OCoLC)987459753
|
| 035 |
|
|
|a (OCoLC)64877654
|
| 035 |
|
|
|a (OCoLC)256014619
|
| 035 |
|
|
|a (DE-604)8062080032
|
| 035 |
|
|
|a (DE-478)942868568
|
| 040 |
|
|
|a DE-627
|b ger
|c DE-627
|e rda
|
| 041 |
|
|
|a ger
|
| 044 |
|
|
|c XA-DE
|
| 084 |
|
|
|a NDS BREM 05
|2 sfb
|
| 084 |
|
|
|a 14a
|2 sdnb
|
| 084 |
|
|
|a 14a
|a 390
|a 900
|a 910
|a 914.3
|a 920
|a 930
|a 940
|a 943
|a 950
|a 960
|a 970
|a 980
|a 990
|2 sdnb
|
| 084 |
|
|
|a NR 5380
|2 rvk
|0 (DE-625)rvk/129450:
|
| 084 |
|
|
|a ND 1650
|2 rvk
|0 (DE-625)rvk/124832:
|
| 084 |
|
|
|a 15.41
|2 bkl
|
| 084 |
|
|
|a 74.12
|2 bkl
|
| 084 |
|
|
|a 15.51
|2 bkl
|
| 084 |
|
|
|a 06.90
|2 bkl
|
| 100 |
1 |
|
|a Schwarzwälder, Herbert
|d 1919-2011
|e verfasserin
|0 (DE-588)105042919
|0 (DE-627)522670881
|0 (DE-576)163009864
|4 aut
|
| 245 |
1 |
0 |
|a Entstehung und Anfänge der Stadt Bremen
|b ein Beitrag zur Geschichte des norddeutschen Städtewesens
|c Herbert Schwarzwälder
|
| 264 |
|
1 |
|a Bremen
|b Carl Schünemann, Verlag
|c 1955
|
| 300 |
|
|
|a 312 Seiten
|b Illustrationen, Karten
|c gr. 8°
|
| 336 |
|
|
|a Text
|b txt
|2 rdacontent
|
| 337 |
|
|
|a ohne Hilfsmittel zu benutzen
|b n
|2 rdamedia
|
| 338 |
|
|
|a Band
|b nc
|2 rdacarrier
|
| 490 |
1 |
|
|a Veröffentlichungen aus dem Staatsarchiv der Freien Hansestadt Bremen
|v Heft 24
|
| 500 |
|
|
|a Mit Literaturverz. (S. 11 - 20)
|
| 502 |
|
|
|b Dissertation
|c Philipps-Universität Marburg
|d 1953
|
| 561 |
|
|
|5 DE-Lg4
|a Historischer Verein für Stadt und Kreis Ludwigsburg e. V.
|
| 583 |
1 |
|
|a Archivierung/Langzeitarchivierung gewährleistet
|f REG
|x XA-DE-NI
|2 pdager
|5 DE-35
|
| 648 |
|
7 |
|a Geschichte
|2 gnd
|
| 651 |
|
7 |
|0 (DE-588)4008135-7
|0 (DE-627)106369636
|0 (DE-576)208874569
|a Bremen
|2 gnd
|
| 655 |
|
7 |
|a Hochschulschrift
|0 (DE-588)4113937-9
|0 (DE-627)105825778
|0 (DE-576)209480580
|2 gnd-content
|
| 689 |
0 |
0 |
|D g
|0 (DE-588)4008135-7
|0 (DE-627)106369636
|0 (DE-576)208874569
|a Bremen
|2 gnd
|
| 689 |
0 |
1 |
|A z
|2 gnd
|a Geschichte 888-1300
|
| 689 |
0 |
|
|5 (DE-627)
|
| 689 |
1 |
0 |
|D g
|0 (DE-588)4011882-4
|0 (DE-627)104704861
|0 (DE-576)208896155
|a Deutschland
|2 gnd
|
| 689 |
1 |
1 |
|A z
|2 gnd
|a Geschichte
|
| 689 |
1 |
|
|5 (DE-627)
|
| 689 |
2 |
0 |
|D g
|0 (DE-588)4008135-7
|0 (DE-627)106369636
|0 (DE-576)208874569
|a Bremen
|2 gnd
|
| 689 |
2 |
1 |
|A z
|2 gnd
|a Geschichte
|
| 689 |
2 |
|
|5 (DE-627)
|
| 689 |
3 |
0 |
|D g
|0 (DE-588)4008135-7
|0 (DE-627)106369636
|0 (DE-576)208874569
|a Bremen
|2 gnd
|
| 689 |
3 |
1 |
|A z
|2 gnd
|a Geschichte
|
| 689 |
3 |
|
|5 (DE-627)
|
| 751 |
|
|
|a Marburg
|0 (DE-588)4037446-4
|0 (DE-627)106237454
|0 (DE-576)209024305
|4 uvp
|
| 776 |
0 |
8 |
|i Elektronische Reproduktion
|a Schwarzwälder, Herbert, 1919 - 2011
|t Entstehung und Anfänge der Stadt Bremen
|d Bremen : Staats- und Universitaetsbibliothek, 2016
|h 1 Online-Ressource (312 Seiten)
|w (DE-627)102455063X
|
| 810 |
2 |
|
|a Staatsarchiv Bremen
|t Veröffentlichungen aus dem Staatsarchiv der Freien Hansestadt Bremen
|v Heft 24
|9 24
|w (DE-627)130118052
|w (DE-576)015648877
|w (DE-600)504956-8
|x 0170-7884
|7 am
|
| 856 |
4 |
2 |
|u http://d-nb.info/454613199/04
|m V:DE-605
|q application/pdf
|3 Inhaltsverzeichnis
|7 1
|
| 856 |
4 |
2 |
|u http://scans.hebis.de/HEBCGI/show.pl?05281915_toc.pdf
|m V:DE-605;X:Imageware
|q application/pdf
|3 Inhaltsverzeichnis
|7 1
|
| 889 |
|
|
|w (DE-576)080861482
|
| 889 |
|
|
|w (DE-627)757063241
|
| 889 |
|
|
|w (DE-627)779514629
|
| 889 |
|
|
|w (DE-627)178935697
|
| 889 |
|
|
|w (DE-627)021474176
|
| 889 |
|
|
|w (DE-627)1150861487
|
| 912 |
|
|
|a GBV_ILN_11
|
| 912 |
|
|
|a ISIL_DE-1a
|
| 912 |
|
|
|a SYSFLAG_1
|
| 912 |
|
|
|a GBV_KXP
|
| 912 |
|
|
|a SSG-OPC-GGO
|
| 912 |
|
|
|a SSG-OPC-ANG
|
| 912 |
|
|
|a SSG-OPC-NBBRE
|
| 912 |
|
|
|a GBV_ILN_21
|
| 912 |
|
|
|a ISIL_DE-46
|
| 912 |
|
|
|a GBV_ILN_22
|
| 912 |
|
|
|a ISIL_DE-18
|
| 912 |
|
|
|a GBV_ILN_22_i30402
|
| 912 |
|
|
|a GBV_ILN_24
|
| 912 |
|
|
|a ISIL_DE-8
|
| 912 |
|
|
|a GBV_ILN_24_f100
|
| 912 |
|
|
|a GBV_ILN_31
|
| 912 |
|
|
|a ISIL_DE-27
|
| 912 |
|
|
|a GBV_ILN_39
|
| 912 |
|
|
|a ISIL_DE-547
|
| 912 |
|
|
|a GBV_ILN_40
|
| 912 |
|
|
|a ISIL_DE-7
|
| 912 |
|
|
|a GBV_ILN_40_i053
|
| 912 |
|
|
|a GBV_ILN_40_i037
|
| 912 |
|
|
|a GBV_ILN_40_i042
|
| 912 |
|
|
|a GBV_ILN_62
|
| 912 |
|
|
|a ISIL_DE-28
|
| 912 |
|
|
|a GBV_ILN_65
|
| 912 |
|
|
|a ISIL_DE-3
|
| 912 |
|
|
|a GBV_ILN_65_a018
|
| 912 |
|
|
|a GBV_ILN_69
|
| 912 |
|
|
|a ISIL_DE-9
|
| 912 |
|
|
|a GBV_ILN_70
|
| 912 |
|
|
|a ISIL_DE-89
|
| 912 |
|
|
|a GBV_ILN_72
|
| 912 |
|
|
|a ISIL_DE-35
|
| 912 |
|
|
|a GBV_ILN_78
|
| 912 |
|
|
|a ISIL_DE-115
|
| 912 |
|
|
|a GBV_ILN_104
|
| 912 |
|
|
|a ISIL_DE-68
|
| 912 |
|
|
|a GBV_ILN_113
|
| 912 |
|
|
|a ISIL_DE-H46
|
| 912 |
|
|
|a GBV_ILN_120
|
| 912 |
|
|
|a ISIL_DE-715
|
| 912 |
|
|
|a GBV_ILN_121
|
| 912 |
|
|
|a ISIL_DE-45
|
| 912 |
|
|
|a GBV_ILN_130
|
| 912 |
|
|
|a ISIL_DE-700
|
| 912 |
|
|
|a GBV_ILN_176
|
| 912 |
|
|
|a GBV_ILN_176_2
|
| 912 |
|
|
|a GBV_ILN_203
|
| 912 |
|
|
|a GBV_ILN_203_m10305
|
| 912 |
|
|
|a GBV_ILN_203_m07706
|
| 912 |
|
|
|a GBV_ILN_217
|
| 912 |
|
|
|a ISIL_DE-Hv111
|
| 912 |
|
|
|a GBV_ILN_227
|
| 912 |
|
|
|a ISIL_DE-56
|
| 912 |
|
|
|a GBV_ILN_255
|
| 912 |
|
|
|a ISIL_DE-Bre4
|
| 912 |
|
|
|a GBV_ILN_341
|
| 912 |
|
|
|a ISIL_DE-Old3
|
| 912 |
|
|
|a GBV_ILN_350
|
| 912 |
|
|
|a ISIL_DE-2795
|
| 912 |
|
|
|a GBV_ILN_350_
|
| 912 |
|
|
|a GBV_ILN_356
|
| 912 |
|
|
|a ISIL_DE-Bre10
|
| 912 |
|
|
|a GBV_ILN_357
|
| 912 |
|
|
|a GBV_ILN_365
|
| 912 |
|
|
|a ISIL_DE-Bre1
|
| 912 |
|
|
|a GBV_ILN_665
|
| 912 |
|
|
|a ISIL_DE-Hv4
|
| 912 |
|
|
|a GBV_ILN_666
|
| 912 |
|
|
|a GBV_ILN_674
|
| 912 |
|
|
|a GBV_ILN_677
|
| 912 |
|
|
|a ISIL_DE-485
|
| 912 |
|
|
|a GBV_ILN_690
|
| 912 |
|
|
|a ISIL_DE-2469
|
| 912 |
|
|
|a GBV_ILN_791
|
| 912 |
|
|
|a ISIL_DE-Hil6
|
| 912 |
|
|
|a GBV_ILN_812
|
| 912 |
|
|
|a GBV_ILN_1018
|
| 912 |
|
|
|a ISIL_DE-Bv4
|
| 912 |
|
|
|a GBV_ILN_1033
|
| 912 |
|
|
|a ISIL_DE-Luen1
|
| 912 |
|
|
|a GBV_ILN_1127
|
| 912 |
|
|
|a GBV_ILN_2001
|
| 912 |
|
|
|a ISIL_DE-21
|
| 912 |
|
|
|a GBV_ILN_2002
|
| 912 |
|
|
|a ISIL_DE-21-64
|
| 912 |
|
|
|a GBV_ILN_2003
|
| 912 |
|
|
|a ISIL_DE-25
|
| 912 |
|
|
|a GBV_ILN_2004
|
| 912 |
|
|
|a ISIL_DE-25-81
|
| 912 |
|
|
|a ISIL_DE-Frei132
|
| 912 |
|
|
|a ISIL_DE-Frei101
|
| 912 |
|
|
|a GBV_ILN_2005
|
| 912 |
|
|
|a ISIL_DE-291-102
|
| 912 |
|
|
|a ISIL_DE-291-313
|
| 912 |
|
|
|a GBV_ILN_2006
|
| 912 |
|
|
|a ISIL_DE-14
|
| 912 |
|
|
|a GBV_ILN_2008
|
| 912 |
|
|
|a ISIL_DE-24
|
| 912 |
|
|
|a GBV_ILN_2009
|
| 912 |
|
|
|a ISIL_DE-180
|
| 912 |
|
|
|a GBV_ILN_2010
|
| 912 |
|
|
|a ISIL_DE-15
|
| 912 |
|
|
|a GBV_ILN_2011
|
| 912 |
|
|
|a ISIL_DE-16
|
| 912 |
|
|
|a GBV_ILN_2030
|
| 912 |
|
|
|a ISIL_DE-77
|
| 912 |
|
|
|a GBV_ILN_2035
|
| 912 |
|
|
|a ISIL_DE-Sp3
|
| 912 |
|
|
|a GBV_ILN_2046
|
| 912 |
|
|
|a ISIL_DE-N1
|
| 912 |
|
|
|a GBV_ILN_2056
|
| 912 |
|
|
|a ISIL_DE-2491
|
| 912 |
|
|
|a GBV_ILN_2280
|
| 912 |
|
|
|a ISIL_DE-Mh28
|
| 912 |
|
|
|a GBV_ILN_2309
|
| 912 |
|
|
|a ISIL_DE-Stg282
|
| 912 |
|
|
|a GBV_ILN_2355
|
| 912 |
|
|
|a ISIL_DE-Ka81
|
| 912 |
|
|
|a GBV_ILN_2489
|
| 912 |
|
|
|a ISIL_DE-F186
|
| 912 |
|
|
|a GBV_ILN_2503
|
| 912 |
|
|
|a ISIL_DE-Lg4
|
| 935 |
|
|
|i mdedup
|
| 936 |
r |
v |
|a NR 5380
|b Darstellungen
|k Geschichte
|k Landes- und Stadtgeschichte (Allgemeine, Deutsche und Österreichische Landes- und Stadtgeschichte, Ausländische Stadtgeschichte, Geschichte der Auslanddeutschen)
|k Deutsche Landesgeschichte im Einzelnen (einschl. ehemaliger deutscher Gebiete)
|k Bremen und Bremerhaven
|k Darstellungen
|0 (DE-627)127091295X
|0 (DE-625)rvk/129450:
|0 (DE-576)20091295X
|
| 936 |
r |
v |
|a ND 1650
|b Hamburg und Bremen
|k Geschichte
|k Historische Hilfswissenschaften
|k Archivkunde
|k Archivinventare und Beschreibungen einzelner Archive Deutschlands und der ehemaligen deutschen Ostgebiete
|k Hamburg und Bremen
|0 (DE-627)1271445352
|0 (DE-625)rvk/124832:
|0 (DE-576)201445352
|
| 936 |
b |
k |
|a 15.41
|j Deutsche Geschichte bis 1499
|x Deutsche Geschichte
|0 (DE-627)18156971X
|
| 936 |
b |
k |
|a 74.12
|j Stadtgeographie
|j Siedlungsgeographie
|0 (DE-627)106420968
|
| 936 |
b |
k |
|a 15.51
|j Niedersachsen
|j Bremen
|x Geschichte
|0 (DE-627)181571579
|
| 936 |
b |
k |
|a 06.90
|j Archive
|j Archivkunde
|q coli-conc RVK->BK
|q https://coli-conc.gbv.de/api/mappings/df71f1fa-24d9-4637-ba56-bc9995f31f80
|0 (DE-627)106402633
|
| 936 |
s |
n |
|a n100
|2 mzub
|
| 951 |
|
|
|a BO
|
| 980 |
|
|
|2 11
|1 01
|x 0001
|b 437009068
|c 00
|f 1
|d Ab 300-F,24
|e u
|j --%%--
|h ark_2012-03-14
|y r
|z 13-10-96
|
| 980 |
|
|
|2 11
|1 02
|x 0001
|b 620006676
|c 00
|f 6
|d Ser. 6705-22/24
|e u
|j --%%--
|y r
|z 09-07-94
|
| 980 |
|
|
|2 21
|1 01
|x 0046
|b 424312778
|c 00
|f e03
|d a reg 191.1/870
|e u
|j --%%--
|y zza
|z 03-01-14
|
| 980 |
|
|
|2 21
|1 02
|x 0046
|b 424312786
|c 00
|f e03
|d h reg 012/100-24
|e d
|j --%%--
|h Regionalbibliografie
|y zza
|z 26-01-01
|
| 980 |
|
|
|2 21
|1 03
|x 0046
|b 424312794
|c 00
|f Magazin
|d df 5644
|e u
|j --%%--
|y zza
|z 05-01-15
|
| 980 |
|
|
|2 21
|1 04
|x 0046
|b 424312808
|c 00
|f Magazin
|d we 4877
|e i
|j --%%--
|y zza
|z 26-01-01
|
| 980 |
|
|
|2 22
|1 01
|x 0018
|b 614791936
|c 00
|f SUB-SM
|d A 1956/1943
|e u
|j --%%--
|y ru
|z 10-09-03
|
| 980 |
|
|
|2 22
|1 02
|x 0018
|b 630774110
|c 00
|f 18/304
|d DNR Gd 2300
|e i
|j --%%--
|y zi30402
|z 19-01-04
|
| 980 |
|
|
|2 24
|1 01
|x 0008
|b 371328314
|c 00
|f 19
|d L 6003
|e u
|j --%%--
|h hb
|y zz1
|z 16-12-99
|
| 980 |
|
|
|2 24
|1 03
|x 0008
|b 612672123
|c 00
|f 8/100
|d F II 257 - 24 -
|e i
|j --%%--
|y zf100
|z 29-01-03
|
| 980 |
|
|
|2 31
|1 01
|x 0027
|b 942136780
|c 00
|f Mag
|d 8 R 203 :24
|e u
|j --%%--
|y r
|z 27-07-09
|
| 980 |
|
|
|2 39
|1 01
|x 0547
|b 474755991
|c 00
|f LS
|d NR 5380 V546-24
|e b
|j --%%--
|y zet4
|z 09-01-02
|
| 980 |
|
|
|2 40
|1 01
|x 0007
|b 186874065
|c 00
|f --%%--
|d 8 Z HIST 147:24
|e u
|j --%%--
|y xsn
|z 24-05-96
|
| 980 |
|
|
|2 40
|1 02
|x 0007
|b 850197198
|c 00
|f BBK-IHLF
|d L-DM Bre 1 (24)
|e i
|j --%%--
|y ri053
|z 27-11-07
|
| 980 |
|
|
|2 40
|1 04
|x 7/45
|b 246822899
|c 00
|f 7/037:DRG
|d IV, 7990
|e i
|j --%%--
|y ki037
|z 17-07-97
|
| 980 |
|
|
|2 40
|1 05
|x 7/149
|b 348511604
|c 00
|f 7/042
|d PBc 7 (24)
|e i
|j --%%--
|y ri042
|z 22-07-99
|
| 980 |
|
|
|2 62
|1 01
|x 0028
|b 373651260
|c 00
|f 28/BB2
|d NR 5380 S411 E61
|e u
|j --%%--
|c 09
|f --%%--
|d 93 A 29557
|e --%%--
|j --%%--
|y zi260
|z 10-01-00
|
| 980 |
|
|
|2 65
|1 01
|x 3/18
|b 270642617
|c 00
|f Ha 18-18
|d G Au 4150
|e i
|j --%%--
|y za018
|z 20-03-98
|
| 980 |
|
|
|2 69
|1 01
|x 0009
|b 4293972129
|c 00
|f UB 000
|d 000/Oc 164(24)
|e u
|j --%%--
|y r
|z 21-03-23
|
| 980 |
|
|
|2 70
|1 01
|x 89/19
|b 549553088
|c 00
|f FBSBB
|d Hist 8530/5:24
|e u
|j --%%--
|y ksg
|z 12-03-02
|
| 980 |
|
|
|2 72
|1 01
|x 0035
|b 174889921X
|c 00
|f ZEN
|d Zs 6230:F,24
|e u
|j --%%--
|y rz
|z 09-12-17
|
| 980 |
|
|
|2 78
|1 01
|x 0115
|a 1
|b 4334053157
|c 00
|f Stadtbibliothek
|d Nds Brem 05/1 : 24
|e u
|j --%%--
|y n
|z 28-04-20
|
| 980 |
|
|
|2 104
|1 01
|x 0068
|b 408904658
|c 00
|f MAG
|d ZA 12-24
|e u
|j --%%--
|y z
|z 08-11-00
|
| 980 |
|
|
|2 113
|1 01
|x 3113
|b 553109219
|c 00
|f --%%--
|d B 300/0701:024
|e i
|j --%%--
|y z
|z 19-04-02
|
| 980 |
|
|
|2 120
|1 01
|x 0715
|b 783702035
|c 00
|f --%%--
|d hil 750 bre BR 5374
|e u
|j --%%--
|h alma
|k dx
|y z
|z 21-03-02
|
| 980 |
|
|
|2 120
|1 02
|x 0715
|b 783702043
|c 00
|f 316
|d JA 3394
|e g
|j --%%--
|h alma
|k dx
|y z
|z 21-03-02
|
| 980 |
|
|
|2 120
|1 03
|x 0715
|b 4803337144
|c 00
|f 21
|d 82-0564
|e g
|j --%%--
|h alma
|k dx
|y z
|z 12-11-25
|
| 980 |
|
|
|2 121
|1 01
|x 0045
|b 394869060
|c 00
|f --%%--
|d ZS 491: 24
|e u
|j --%%--
|h alma
|y z
|z 28-11-03
|
| 980 |
|
|
|2 130
|1 01
|x 0700
|b 024268585
|c 00
|f B
|d LUT B 4242-787 4
|e u
|j --%%--
|y nb
|z 26-11-86
|
| 980 |
|
|
|2 176
|1 01
|x 3703/2
|b 573253382
|c 00
|f Em
|d 15.51.10.192
|e u
|j --%%--
|k Aus der Sammlung Arend Wilhelm Lang
|y z2
|z 30-09-02
|
| 980 |
|
|
|2 176
|1 02
|x 3703/5
|b 3978344238
|c 00
|f SMJ
|d V - 99
|e i
|j --%%--
|y z5j
|z 15-09-21
|
| 980 |
|
|
|2 203
|1 01
|x 3522
|b 1741685370
|c 00
|f H103
|d Lc6 59
|e i
|j --%%--
|y zm10305
|z 16-01-18
|
| 980 |
|
|
|2 203
|1 02
|x 3522
|b 3844488677
|c 00
|f H77
|d Hi XIV 141
|e i
|j --%%--
|y rm07706
|z 29-01-21
|
| 980 |
|
|
|2 217
|1 01
|x 3707/002
|b 1239635621
|c 00
|f Hv111 : A
|d M 11/0358 A
|e u
|j --%%--
|y zi111
|z 01-08-11
|
| 980 |
|
|
|2 227
|1 01
|x 0056
|b 1109382375
|c 00
|f --%%--
|d Zs I 317 : 23.24
|e u
|j --%%--
|y x
|z 15-01-10
|
| 980 |
|
|
|2 255
|1 01
|x 3578
|b 600740420
|c 00
|f --%%--
|d S 92,24
|e u
|j --%%--
|y r
|z 09-05-03
|
| 980 |
|
|
|2 341
|1 01
|x 4341
|b 685185095
|c 00
|f --%%--
|d 82-0564
|e c
|j --%%--
|y n
|z 30-09-99
|
| 980 |
|
|
|2 350
|1 01
|x 8293
|b 098182978
|c 00
|f MAG1
|d Dk 906 -24
|e i
|j --%%--
|y n
|z 10-01-00
|
| 980 |
|
|
|2 356
|1 01
|x 4356
|b 1812229623
|c 00
|f --%%--
|d Brem.A.20.023
|e i
|j --%%--
|y n
|z 30-08-18
|
| 980 |
|
|
|2 356
|1 02
|x 4356
|b 1812229631
|c 00
|f --%%--
|d 13.F.50.203
|e i
|j --%%--
|y n
|z 30-08-18
|
| 980 |
|
|
|2 357
|1 01
|x 4357
|b 1428250956
|c 00
|f Bibliothek
|d X 83.41/2(24)
|e i
|j --%%--
|y nb
|z 08-08-13
|
| 980 |
|
|
|2 365
|1 01
|x 4365
|b 3556566613
|c 00
|f LS Geschichte
|d Za-115.24 a
|e i
|j --%%--
|y z
|z 31-12-97
|
| 980 |
|
|
|2 365
|1 02
|x 4365
|b 3556566621
|c 00
|f --%%--
|d Za-115.24 b
|e i
|j --%%--
|y z
|z 31-12-97
|
| 980 |
|
|
|2 365
|1 03
|x 4365
|b 450519888X
|c 00
|f HA Raum 103
|d Za-115.24 e
|e i
|j --%%--
|y z
|z 28-03-24
|
| 980 |
|
|
|2 365
|1 04
|x 4365
|b 4544527805
|c 00
|f HA Benutzerberatung
|d Za-115.24 d
|e i
|j --%%--
|y z
|z 01-07-24
|
| 980 |
|
|
|2 365
|1 05
|x 4365
|b 4563069280
|c 00
|f HA Raum 125
|d Za-115.24 i
|e i
|j --%%--
|y z
|z 06-08-24
|
| 980 |
|
|
|2 365
|1 06
|x 4365
|b 4589704498
|c 00
|f HA Raum 104
|d Za-115.24 c
|e i
|j --%%--
|y z
|z 09-10-24
|
| 980 |
|
|
|2 365
|1 07
|x 4365
|b 4661564014
|c 00
|f HA Raum 113
|d Za-115.24 l
|e i
|j --%%--
|y z
|z 06-02-25
|
| 980 |
|
|
|2 665
|1 01
|x 3665/02
|b 1495265404
|c 00
|f BU Schaumburg-Lippischer Heimatverein
|d HV Z 15/24
|e i
|j --%%--
|k CHECKXX
|k Literaturverz. S. 11-20
|y nbu
|z 03-02-13
|
| 980 |
|
|
|2 665
|1 02
|x 3665/02
|b 1495265412
|c 00
|f BU Dienstbibliothek/Magazin
|d V 9 : 24
|e i
|j --%%--
|y nbu
|z 03-02-13
|
| 980 |
|
|
|2 665
|1 03
|x 3665/06
|b 1546836012
|c 00
|f ST Dienstbibliothek
|d I E 010[24]
|e i
|j --%%--
|k Marburg, Univ., Diss., 1953
|y nst
|z 03-02-13
|
| 980 |
|
|
|2 665
|1 04
|x 3665/06
|b 1546848207
|c 00
|f ST Stader Geschichts- und Heimatverein
|d GHV ZS 112[24]
|e i
|j --%%--
|k Marburg, Univ., Diss., 1953
|y nst
|z 03-02-13
|
| 980 |
|
|
|2 665
|1 05
|x 3665/05
|b 1580776590
|c 00
|f OS Dienstbibliothek
|d 5286, 24
|e i
|j --%%--
|k "Zugl.: Marburg, Univ., Diss., 1953 Marburg:1953"
|y nos
|z 03-02-13
|
| 980 |
|
|
|2 665
|1 06
|x 3665/03
|b 1459590406
|c 00
|f HA Dienstbibliothek
|d T Bremen 00003,24
|e i
|j --%%--
|y nha
|z 03-02-13
|
| 980 |
|
|
|2 665
|1 07
|x 3665/03
|b 1459590414
|c 00
|f HA Magazin Pattensen
|d T Bremen 00003,24
|e i
|j --%%--
|y nha
|z 03-02-13
|
| 980 |
|
|
|2 665
|1 08
|x 3665/04
|b 1478488891
|c 00
|f OL Dienstbibliothek
|d Z 14/104
|e i
|j --%%--
|k Teilw. zugl.: Marburg, Univ., Diss., 1953
|y nol
|z 03-02-13
|
| 980 |
|
|
|2 666
|1 01
|x 3666/0003
|b 749185198
|c 00
|f OLGCE Mag
|d Ul 286
|e i
|j --%%--
|c 11
|f --%%--
|d OLG Celle/Stiftung
|e --%%--
|j --%%--
|y zjolgce
|z 28-12-05
|
| 980 |
|
|
|2 674
|1 01
|x 4674
|b 3742582755
|c 00
|f GWLB
|d --%%--
|e --%%--
|j --%%--
|y z
|z 25-08-20
|
| 980 |
|
|
|2 677
|1 01
|x 4677
|b 131934934X
|c 00
|f Bibliothek
|d C / 069 (Bd. 024.)
|e s
|j --%%--
|y n
|z 30-05-07
|
| 980 |
|
|
|2 690
|1 01
|x 4690/bibl
|b 1467537381
|c 00
|f --%%--
|d 4. Schw
|e i
|j --%%--
|y n
|z 11-12-13
|
| 980 |
|
|
|2 791
|1 01
|x 3791
|b 895511282
|c 00
|f MAG
|d 1 E e 14690
|e u
|j --%%--
|y n
|z 03-10-06
|
| 980 |
|
|
|2 812
|1 01
|x 4812/0002
|b 3786969221
|c 00
|f A
|d 17624
|e d
|j --%%--
|y nA
|z 13-10-20
|
| 980 |
|
|
|2 1018
|1 01
|x 4018
|b 3746045274
|c 00
|f --%%--
|d Fb 7:24
|e d
|j --%%--
|y z
|z 02-09-20
|
| 980 |
|
|
|2 1033
|1 01
|x 4033
|b 422122908X
|c 00
|f Magazin
|d ZD 1345 24
|e i
|j --%%--
|h MVL
|y z
|z 28-11-22
|
| 980 |
|
|
|2 1127
|1 01
|x 4227
|b 4841188797
|c 00
|f Saal
|d E 8.d 001(24)
|e i
|j --%%--
|y z
|z 08-01-26
|
| 980 |
|
|
|2 1127
|1 02
|x 4227
|b 4847342380
|c 00
|f Saal
|d E 8.d 001(24)
|e i
|j --%%--
|y z
|z 14-01-26
|
| 980 |
|
|
|2 2001
|1 01
|x DE-21
|b 3132511773
|c 00
|f --%%--
|d Kc 255;F-22/24.1953/55
|e --%%--
|j --%%--
|y l01
|z 30-07-01
|
| 980 |
|
|
|2 2002
|1 01
|x DE-21-64
|b 3132511846
|c 00
|f --%%--
|d Ob 248
|e p
|j --%%--
|y l01
|z 30-08-17
|
| 980 |
|
|
|2 2003
|1 01
|x DE-25
|b 3132511900
|c 00
|f --%%--
|d H 5201,k
|e --%%--
|j --%%--
|y l01
|z 15-08-17
|
| 980 |
|
|
|2 2004
|1 01
|x DE-25-81
|b 3132511951
|c 00
|f --%%--
|d Frei 81: E 13 - 140
|e p
|j --%%--
|y l01
|z 23-08-17
|
| 980 |
|
|
|2 2004
|1 02
|x DE-Frei132
|b 313251196X
|c 00
|f --%%--
|d Frei 132: R 195
|e p
|j --%%--
|y l01
|z 25-10-99
|
| 980 |
|
|
|2 2004
|1 13
|x DE-Frei101
|b 3936704708
|c 00
|f --%%--
|d Frei 101: Df / 3275 - 24
|e p
|j --%%--
|y l01
|z 10-06-21
|
| 980 |
|
|
|2 2005
|1 01
|x DE-291-102
|b 3132512060
|c 00
|f --%%--
|d --%%--
|e p
|j --%%--
|y l01
|z 15-05-02
|
| 980 |
|
|
|2 2005
|1 13
|x DE-291-313
|b 3132512117
|c 00
|f WiSo
|d S5 2/13
|e p
|j --%%--
|y l01
|z 13-12-99
|
| 980 |
|
|
|2 2006
|1 01
|x DE-14
|b 3132512214
|c 00
|f --%%--
|d --%%--
|e --%%--
|j --%%--
|y l01
|z 25-05-00
|
| 980 |
|
|
|2 2008
|1 01
|x DE-24
|b 313251229X
|c 00
|f --%%--
|d Z 4089-24
|e --%%--
|j --%%--
|y l01
|z 09-12-14
|
| 980 |
|
|
|2 2009
|1 02
|x DE-180
|b 3132512370
|c 00
|f COMP
|d B 5366
|e --%%--
|j l
|y l01
|z 20-11-16
|
| 980 |
|
|
|2 2010
|1 01
|x DE-15
|b 3132512443
|c 00
|f --%%--
|d --%%--
|e --%%--
|j --%%--
|y l01
|z 02-12-11
|
| 980 |
|
|
|2 2011
|1 01
|x DE-16
|b 3132512494
|c 00
|f --%%--
|d B 5485-5
|e --%%--
|j --%%--
|y l01
|z 18-11-02
|
| 980 |
|
|
|2 2030
|1 01
|x DE-77
|b 4879628328
|c 00
|f --%%--
|d ZA 1776-24
|e --%%--
|j l
|y l01
|z 28-07-97
|
| 980 |
|
|
|2 2035
|1 01
|x DE-Sp3
|b 313251263X
|c 00
|f --%%--
|d D II l 30
|e p
|j --%%--
|y l01
|z 19-03-07
|
| 980 |
|
|
|2 2046
|1 01
|x DE-N1
|b 3772680224
|c 00
|f --%%--
|d --%%--
|e p
|j --%%--
|y l01
|z 08-10-20
|
| 980 |
|
|
|2 2056
|1 01
|x DE-2491
|b 3807904700
|c 00
|f --%%--
|d Kb 632 : Bremen
|e --%%--
|j n
|y l01
|z 23-07-20
|
| 980 |
|
|
|2 2280
|1 01
|x DE-Mh28
|b 3132512710
|c 00
|f --%%--
|d Ges Zs 14
|e p
|j --%%--
|y l01
|z 10-10-17
|
| 980 |
|
|
|2 2309
|1 01
|x DE-Stg282
|b 3132512788
|c 00
|f KgLK
|d Zs 4360-24
|e p
|j --%%--
|y l01
|z 30-08-18
|
| 980 |
|
|
|2 2355
|1 01
|x DE-Ka81
|b 2751985459
|c 00
|f --%%--
|d Za 654,24
|e p
|j --%%--
|y l01
|z 28-06-13
|
| 980 |
|
|
|2 2489
|1 01
|x DE-F186
|b 3132512834
|c 00
|f --%%--
|d Stw B 46 Bd 24
|e p
|j --%%--
|y l01
|z 17-03-15
|
| 980 |
|
|
|2 2503
|1 01
|x DE-Lg4
|b 3748831196
|c 00
|f --%%--
|d A 1.3 Bre
|e p
|j --%%--
|y l01
|z 10-09-20
|
| 981 |
|
|
|2 69
|1 01
|x 0009
|y Katalogkarte der UB Greifswald
|w https://www.gbv.de/dms/greifswald/zk/2S430000/2S431800/2S431838.gif
|
| 982 |
|
|
|2 176
|1 01
|x 3703/2
|8 90
|a Arend Wilhelm@Lang
|
| 982 |
|
|
|2 341
|1 00
|x DE-Old3
|8 00
|a Bremen ; Stadt / Geschichte 800-1300
|
| 982 |
|
|
|2 341
|1 00
|x DE-Old3
|8 80
|0 (DE-627)471422967
|a Bremen
|
| 982 |
|
|
|2 341
|1 00
|x DE-Old3
|8 80
|0 (DE-627)471462438
|a Stadt
|
| 982 |
|
|
|2 350
|1 01
|x 8293
|8 00
|a Bremen
|
| 982 |
|
|
|2 350
|1 01
|x 8293
|8 00
|a Entstehung
|
| 982 |
|
|
|2 356
|1 00
|x DE-Bre10
|8 02
|a Stadtentwicklung (Bremen)
|
| 982 |
|
|
|2 356
|1 00
|x DE-Bre10
|8 03
|a Bremen (Geschichte)
|
| 982 |
|
|
|2 357
|1 00
|x 4357
|8 00
|a Bremen - Geschichte
|
| 982 |
|
|
|2 357
|1 00
|x 4357
|8 00
|a Geschichte (Bremen)
|
| 982 |
|
|
|2 365
|1 00
|x DE-Bre1
|8 00
|s g
|a Bremen
|
| 982 |
|
|
|2 665
|1 00
|x DE-Hv4
|8 00
|a Bremen
|
| 982 |
|
|
|2 665
|1 00
|x DE-Hv4
|8 01
|a Geschichte <09.-13.Jh.>
|
| 982 |
|
|
|2 674
|1 00
|x 4674
|8 00
|s g
|0 (DE-627)1042589429
|a Bremen
|
| 982 |
|
|
|2 674
|1 00
|x 4674
|8 01
|s s
|0 (DE-627)1042897905
|a Ortsgeschichte
|
| 982 |
|
|
|2 677
|1 01
|x 4677
|8 00
|a Staatsarchiv <Bremen>: Veröffentlichungen aus dem Staatsarchiv der Freien Hansestadt Bremen 024
|
| 982 |
|
|
|2 791
|1 00
|x DE-Hil6
|8 00
|a Bremen / Geschichte 0800 - 1217
|
| 982 |
|
|
|2 812
|1 00
|x 4812
|8 00
|a BREMEN ENTSTEHUNGSGESCHICHTE
|
| 982 |
|
|
|2 2489
|1 01
|x DE-F186
|8 00
|s s
|a Bremen
|
| 982 |
|
|
|2 2489
|1 01
|x DE-F186
|8 00
|s s
|a Geschichte
|
| 982 |
|
|
|2 2489
|1 01
|x DE-F186
|8 00
|s s
|a Geschichte 1200-1300
|
| 983 |
0 |
0 |
|2 11
|1 00
|x DE-1a
|8 10
|0 (DE-627)680679286
|a Sp 8505 - Sp 8526
|
| 983 |
|
|
|2 11
|1 00
|x DE-1a
|8 10
|a Sp 8526 ff.
|
| 983 |
|
|
|2 21
|1 00
|x DE-46
|8 30
|a reg 191.1
|
| 983 |
|
|
|2 21
|1 00
|x DE-46
|8 99
|a 04
|
| 983 |
|
|
|2 22
|1 01
|x 0018
|8 00
|a 99.1437
|
| 983 |
|
|
|2 24
|1 01
|x 0008
|8 50
|0 (DE-627)252826167
|a gsd 155
|b Sächsisch-westfälischer Raum
|b Geschichte 500-1500
|
| 983 |
|
|
|2 39
|1 00
|x DE-547
|8 00
|a NR 5380
|
| 983 |
|
|
|2 120
|1 00
|x DE-715
|8 00
|a hil 750 bre
|
| 983 |
|
|
|2 120
|1 00
|x DE-715
|8 99
|a dx
|
| 983 |
|
|
|2 120
|1 01
|x 0715
|8 00
|a hil 750 bre
|
| 983 |
|
|
|2 120
|1 01
|x 0715
|8 00
|a hil 750 bre
|
| 983 |
|
|
|2 120
|1 02
|x 0715
|8 00
|a hil 750 bre
|
| 983 |
|
|
|2 120
|1 03
|x 0715
|8 00
|a hil 750 bre
|
| 983 |
|
|
|2 130
|1 00
|x DE-700
|8 00
|a LUT B
|
| 983 |
|
|
|2 217
|1 00
|x DE-Hv111
|8 00
|0 (DE-627)360284442
|a 15.51.02
|b Bremen-Verden
|
| 983 |
|
|
|2 217
|1 00
|x DE-Hv111
|8 01
|0 (DE-627)360287093
|a 15.41
|b Deutsche Geschichte bis 1499
|
| 983 |
|
|
|2 217
|1 00
|x DE-Hv111
|8 02
|0 (DE-627)360284396
|a 74.12
|b Stadtgeographie
|b Siedlungsgeographie
|
| 983 |
|
|
|2 365
|1 00
|x DE-Bre1
|8 00
|a 3.4.2
|
| 983 |
|
|
|2 365
|1 00
|x DE-Bre1
|8 01
|a 3.4.3
|
| 983 |
|
|
|2 365
|1 00
|x DE-Bre1
|8 01
|a 4.2.3
|
| 983 |
|
|
|2 666
|1 01
|x 3666/0003
|8 00
|a Ul
|
| 983 |
|
|
|2 674
|1 00
|x 4674
|8 00
|0 (DE-627)1043284184
|a 3.5
|b Geschichte einzelner Orte und Regionen
|
| 983 |
|
|
|2 677
|1 01
|x 4677
|8 00
|a C / 069
|
| 983 |
|
|
|2 812
|1 00
|x 4812
|8 00
|a 8 Dc
|
| 983 |
|
|
|2 2280
|1 01
|x DE-Mh28
|8 00
|0 (DE-627)1301524638
|a Ges
|b [neuere Bücher des Altertumsvereins]
|
| 983 |
|
|
|2 2489
|1 01
|x DE-F186
|8 00
|a NR 1990
|
| 984 |
|
|
|2 11
|1 01
|x 0001
|a 133678969010
|
| 984 |
|
|
|2 21
|1 01
|x 0046
|a 46$0003214117
|
| 984 |
|
|
|2 21
|1 03
|x 0046
|a 46$020365420X
|
| 984 |
|
|
|2 22
|1 02
|x 0018
|a 099632450
|
| 984 |
|
|
|2 24
|1 01
|x 0008
|a 8$0011551100
|
| 984 |
|
|
|2 31
|1 01
|x 0027
|a 27$024546070
|
| 984 |
|
|
|2 39
|1 01
|x 0547
|a 547$00887901X
|
| 984 |
|
|
|2 40
|1 01
|x 0007
|a 7$110303989
|
| 984 |
|
|
|2 40
|1 02
|x 0007
|a 7$228312825
|
| 984 |
|
|
|2 62
|1 01
|x 0028
|a 28$006784933
|
| 984 |
|
|
|2 65
|1 01
|x 3/18
|a 3/18$000079790
|
| 984 |
|
|
|2 70
|1 01
|x 89/19
|a 35/04$01587749
|
| 984 |
|
|
|2 120
|1 01
|x 0715
|a 07917639
|
| 984 |
|
|
|2 120
|1 02
|x 0715
|a 12193156
|
| 984 |
|
|
|2 121
|1 01
|x 0045
|a 45$10739396
|
| 984 |
|
|
|2 130
|1 01
|x 0700
|a 700$42427874
|
| 984 |
|
|
|2 176
|1 01
|x 3703/2
|a EM2$00479675
|
| 984 |
|
|
|2 217
|1 01
|x 3707/002
|a HV111$118823R
|
| 984 |
|
|
|2 350
|1 01
|x 8293
|a 8293000091983
|
| 984 |
|
|
|2 812
|1 01
|x 4812/0002
|a 17624X
|
| 985 |
|
|
|2 21
|1 01
|x 0046
|a au 9870
|
| 985 |
|
|
|2 21
|1 02
|x 0046
|a we 4824
|
| 985 |
|
|
|2 21
|1 03
|x 0046
|a df 5644
|
| 985 |
|
|
|2 21
|1 04
|x 0046
|a we 4877
|
| 985 |
|
|
|2 22
|1 02
|x 0018
|a 248/1958
|
| 985 |
|
|
|2 39
|1 01
|x 0547
|a 2001006753
|
| 985 |
|
|
|2 40
|1 04
|x 7/45
|a J 4828
|
| 985 |
|
|
|2 62
|1 01
|x 0028
|a 93 A 29557
|
| 985 |
|
|
|2 65
|1 01
|x 3/18
|a 18/98/134
|
| 985 |
|
|
|2 69
|1 01
|x 0009
|a 1956.5767
|
| 985 |
|
|
|2 72
|1 01
|x 0035
|a 1955.3758
|
| 985 |
|
|
|2 120
|1 01
|x 0715
|a BR 5374
|
| 985 |
|
|
|2 120
|1 03
|x 0715
|a 1982.0564
|
| 985 |
|
|
|2 130
|1 01
|x 0700
|a 4242-787 4
|
| 985 |
|
|
|2 176
|1 01
|x 3703/2
|a 2002:6863
|
| 985 |
|
|
|2 176
|1 02
|x 3703/5
|a 654
|
| 985 |
|
|
|2 203
|1 01
|x 3522
|a AM1970/282
|
| 985 |
|
|
|2 203
|1 02
|x 3522
|a 1956/13
|
| 985 |
|
|
|2 217
|1 01
|x 3707/002
|a 2011/0627
|
| 985 |
|
|
|2 227
|1 01
|x 0056
|a 55.2370
|
| 985 |
|
|
|2 341
|1 01
|x 4341
|a 1982.0564
|
| 985 |
|
|
|2 350
|1 01
|x 8293
|a 89/282
|
| 985 |
|
|
|2 356
|1 01
|x 4356
|a Z
|
| 985 |
|
|
|2 356
|1 02
|x 4356
|a 1955-181
|
| 985 |
|
|
|2 665
|1 01
|x 3665/02
|a bue1965/0081
|
| 985 |
|
|
|2 665
|1 03
|x 3665/06
|a st2002/0232
|
| 985 |
|
|
|2 666
|1 01
|x 3666/0003
|a OLGCE ZgVz-5124
|
| 985 |
|
|
|2 690
|1 01
|x 4690/bibl
|a 23/60
|
| 985 |
|
|
|2 1018
|1 01
|x 4018
|a 1985/0071
|
| 985 |
|
|
|2 1033
|1 01
|x 4033
|a 1958:240
|
| 985 |
|
|
|2 2002
|1 01
|x DE-21-64
|a 2577
|
| 985 |
|
|
|2 2005
|1 13
|x DE-291-313
|a 632 (WS)
|
| 985 |
|
|
|2 2008
|1 01
|x DE-24
|a 2498567
|
| 985 |
|
|
|2 2056
|1 01
|x DE-2491
|a 56.486
|
| 985 |
|
|
|2 2309
|1 01
|x DE-Stg282
|a K1958-95
|
| 986 |
|
|
|2 674
|1 00
|x 4674
|a abs
|b Bespr.: Berr. z. dt. Landeskde. Bd. 21, 1958, 332ff. H. Abel; Hamb. Beitrr. z. Numismatik. Bd. 11, 1957, 625ff. W. Hävernick; Zs. d. Ver. f. hamb. Gesch. Bd. 44, 1958, 361ff. R. Schindler.
|
| 986 |
|
|
|2 674
|1 00
|x 4674
|a abs
|b Bespr.: Nieders. Jb. f. Landesgesch. Bd. 28, 1956, 297ff. F. Timme; Hans. Gesch.bll. Jg. 74, 1956, 114ff. L. Beutin; Bll. f. dt. Landesgesch. Jg. 92, 1956, 375 E. Keyser; Dt. Arch. f. Erforsch. d. Mittelters. Jg. 13, 1957, 600f. K. Reindel; Osnabr. Mitt. Bd. 67, 1956, 297f. E. Ennen; Archiv. Zs. Bd. 53, 1957, 213f. C. Haase.
|
| 989 |
|
|
|2 674
|1 00
|x 4674
|a Bespr.: Berr. z. dt. Landeskde. Bd. 21, 1958, 332ff. H. Abel; Hamb. Beitrr. z. Numismatik. Bd. 11, 1957, 625ff. W. Hävernick; Zs. d. Ver. f. hamb. Gesch. Bd. 44, 1958, 361ff. R. Schindler.
|
| 989 |
|
|
|2 674
|1 00
|x 4674
|a Bespr.: Nieders. Jb. f. Landesgesch. Bd. 28, 1956, 297ff. F. Timme; Hans. Gesch.bll. Jg. 74, 1956, 114ff. L. Beutin; Bll. f. dt. Landesgesch. Jg. 92, 1956, 375 E. Keyser; Dt. Arch. f. Erforsch. d. Mittelters. Jg. 13, 1957, 600f. K. Reindel; Osnabr. Mitt. Bd. 67, 1956, 297f. E. Ennen; Archiv. Zs. Bd. 53, 1957, 213f. C. Haase.
|
| 995 |
|
|
|2 21
|1 02
|x 0046
|a Regionalbibliografie
|
| 995 |
|
|
|2 24
|1 01
|x 0008
|a hb
|
| 995 |
|
|
|2 120
|1 01
|x 0715
|a alma
|
| 995 |
|
|
|2 120
|1 02
|x 0715
|a alma
|
| 995 |
|
|
|2 120
|1 03
|x 0715
|a alma
|
| 995 |
|
|
|2 121
|1 01
|x 0045
|a alma
|
| 995 |
|
|
|2 1033
|1 01
|x 4033
|a MVL
|
| 998 |
|
|
|2 665
|1 06
|x 3665/03
|0 2021-06-04/1DA-Z-Hof/1=2
|